000 01593nam a2200289Ia 4500
003 OSt
005 20210526114336.0
008 210310s2008 sp ad gr 000 0 spa d
020 _a9789588307237
040 _aCO-JMCR
_cCO-JMCR
041 1 _aspa
_heng
082 0 4 _223
_a331.1204 /
_bP462i
100 1 _aPerry, Guillermo,
_eautor
_97172
245 1 0 _aInformalidad :
_bescape y exclusión /
_cGuillermo E. Perry, William F. Maloney, Omar S. Arias, [y otros3] ; traducción al castellano Ricardo Argüello
250 _aPrimera edición
260 _aMadrid :
_bBanco Mundial,
_c2008.
300 _axvii, 230 páginas :
_bilustraciones y graficas en blanco y negro ;
_c27 cm.
504 _aBibliografía al final de cada capitulo.
505 0 _aPanorama general. Informalidad : escape y exclusión. -- El sector informal: ¿Qué es, por que nos importa y cómo lo medimos?. -- La razón del trabajador informal. -- Informalidad, ingresos y beneficios. -- El mercado laboral informal en movimiento: dinámica, ciclos y tendencias. -- La dinámica de la microempresa y la informalidad. -- Informalidad, productividad y la firma. -- Informalidad, protección social y políticas contra la pobreza. -- El sector informal y el estado: instituciones, desigualdad y normal social.
650 1 4 _aEmpleo
_xSector informal.
_937916
650 2 4 _aMercado laboral informal.
_937917
650 2 4 _aProtección social.
_937918
700 1 _aMaloney, William F.,
_eautor
_937136
700 1 _aArias, Omar S.,
_eautor
_937137
700 1 _aRicardo Argüello
_etraducción
_937919
942 _2ddc
_cBK
999 _c11812
_d11812